| 000 | 00743nam a2200265Ia 4500 | ||
|---|---|---|---|
| 003 | OSt | ||
| 005 | 20221006144058.0 | ||
| 006 | a|||||r|||| 00| 0 | ||
| 007 | ta | ||
| 008 | 221006b |||||||| |||| 00| 0 eng d | ||
| 020 | _c£7.25 (each) | ||
| 024 | _a10,825 | ||
| 037 | _cTextual | ||
| 040 |
_aEASL _cEASL _beng |
||
| 041 |
_2eng _aeng |
||
| 082 | _aW81.4-5, L0 | ||
| 100 | _aHAY Stephen N. | ||
| 245 | 0 |
_aAsian ideas of east and west _b Tagore and his critics in Japan, China, and India |
|
| 260 |
_aCambridge _bHarvard University Press _c1970 |
||
| 300 |
_a478p. _ccm. |
||
| 490 | _aHarvard East Asian Series | ||
| 650 | _aGen | ||
| 942 |
_hW81.4-5, L0 _cTEXL _2CC |
||
| 999 |
_c1078911 _d1078911 |
||